Central Library OPAC University of Rajshahi

Local government in the XXth century : (Record no. 59891)

MARC details
000 -LEADER
fixed length control field 00974nam a2200241 a 4500
001 - CONTROL NUMBER
control field 59891
003 - CONTROL NUMBER IDENTIFIER
rucl marc code BD-RJUL
005 - DATE AND TIME OF LATEST TRANSACTION
control field 20211209080759.0
008 - FIXED-LENGTH DATA ELEMENTS--GENERAL INFORMATION
fixed length control field 161227s1963 ne 100 0 eng d
035 ## - SYSTEM CONTROL NUMBER
System control number (BD-RJUL)60015
040 ## - CATALOGING SOURCE
Original cataloging agency SLU
Transcribing agency SLU
Modifying agency BD-RJUL
Language of cataloging eng
041 ## - LANGUAGE CODE
Language code of text/sound track or separate title eng
082 ## - DEWEY DECIMAL CLASSIFICATION NUMBER
Edition number 23
Classification number 352.14
Author mark and year INL 1963
110 2# - MAIN ENTRY--CORPORATE NAME
Corporate name or jurisdiction name as entry element International Union of Local Authorities.
9 (RLIN) 178189
245 10 - TITLE STATEMENT
Title Local government in the XXth century :
Remainder of title the development of local government in the past fifty years /
Statement of responsibility, etc. International Union of Local Authorities.
246 12 - VARYING FORM OF TITLE
Title proper/short title Local government in the twentieth century
260 ## - PUBLICATION, DISTRIBUTION, ETC. (IMPRINT)
Place of publication, distribution, etc. The Hague :
Name of publisher, distributor, etc. M. Nijhoff for the International Union of Local Authorities,
Date of publication, distribution, etc. 1963.
300 ## - PHYSICAL DESCRIPTION
Pagination 491 p. ;
Size 22 cm.
650 #0 - SUBJECT ADDED ENTRY--TOPICAL TERM
Topical term or geographic name as entry element Local government.
9 (RLIN) 178190
711 2# - ADDED ENTRY--MEETING NAME
Meeting name or jurisdiction name as entry element International Congress of Local Authorities
Number of part/section/meeting (16th :
Date of meeting 1963 :
Location of meeting Brussels, Belgium)
9 (RLIN) 178191
830 #0 - SERIES ADDED ENTRY--UNIFORM TITLE
Uniform title Publication (International Union of Local Authorities) ;
Volume number/sequential designation 72.
942 ## - ADDED ENTRY ELEMENTS (KOHA)
Source of classification or shelving scheme Dewey Decimal Classification
Koha item type Books
Holdings
Lost status Source of classification or shelving scheme Damaged status Not for loan Collection code Permanent Location Current Location Shelving location Date acquired Source of acquisition Cost, normal purchase price Total Checkouts Full call number Date last seen Copy number Koha item type
  Dewey Decimal Classification   Not For Loan Non-fiction Central Library, University of Rajshahi Central Library, University of Rajshahi Reading Room 09/11/1967 Swets & Zeithinger 53.00   352.14 INL 1963 27/12/2016 C-1 Books